000 00389nam a2200169Ia 4500
005 20250310054203.0
008 240331s9999 xx 000 0 und d
020 _a9555732132
082 _bSEL
_a820
100 _aSelvadurai,S
245 0 _aAmuthu elandariya
250 _a3rd
260 _aNugegoda
_bSarasavi publishers
_c2003
300 _a291 p .,
500 _aA novel
942 _cL
999 _c5152
_d5152